000 00632nam a22002297a 4500
001 sjds
003 sjds
005 20230904175203.0
008 230904b |||||||| |||| 00| 0 spa d
020 _a9501101894
020 _a9789501101898
040 _csjds
041 _aspa
100 1 0 _aCarruth, Jane
245 1 4 _aLos anteojos de la suerte
_cJane Carruth, Tony Hutchings
246 _aLos anteojos de la suerte
260 _aBuenos Aires :
_bEditorial Sigmar,
_cc1982.
300 _a 22 unnumbered pages :
_bcolor illustrations ;
_c24 cm
440 _a Coleccion Chiquilines
700 _4Hutchings, Tony
942 _cBK
999 _c28288
_d28288